000
00279 a2200097 4500
082
_a
690.023 MAN
100
_a
Manrai,P.K.
245
_a
A Book of Building Construction Technology [vol-2] /
_c
P.K.Manrai
260
_a
New Delhi :
_c
Satya Prakashan,
_b
1997
300
_a
109p. :
_b
ill . ;
_c
27cm
650
_a
building
999
_c
1783
_d
1783